Kutemui satu Malaysia
| Main Author: | |
|---|---|
| Format: | Book |
| Published: |
Selangor :
Pekan Ilmu Pub. ,
2009
|
| Subjects: |
MARC
| LEADER | 00000cam a2200000 7i4500 | ||
|---|---|---|---|
| 001 | 0000035150 | ||
| 005 | 20130122.0 | ||
| 008 | 130122 | ||
| 020 | |a 9675106781 | ||
| 090 | 0 | 0 | |a 899.231 |b TEO |
| 100 | 0 | |a Teo Wei Sing | |
| 245 | 1 | 0 | |a Kutemui satu Malaysia |c Teo Wei Sing |
| 260 | |a Selangor : |b Pekan Ilmu Pub. , |c 2009 | ||
| 650 | 0 | |a Malaysia poetry | |
| 650 | 0 | |a Sajak | |
| 999 | |a 0001206884 |b Book |c Adult Collection |e Perbadanan Perpustakaan Awam Johor | ||